Introduction to environmental remote sensing (Record no. 593608)

MARC details
000 -LEADER
fixed length control field 00442nam a2200145Ia 4500
008 - FIXED-LENGTH DATA ELEMENTS--GENERAL INFORMATION
fixed length control field 100415s9999 xx 000 0 und d
082 ## - DEWEY DECIMAL CLASSIFICATION NUMBER
Item number 10682
Classification number 621.367
100 ## - MAIN ENTRY--PERSONAL NAME
Personal name Barrett E.C.
245 ## - TITLE STATEMENT
Title Introduction to environmental remote sensing
260 ## - PUBLICATION, DISTRIBUTION, ETC. (IMPRINT)
Place of publication, distribution, etc LONDON
Date of publication, distribution, etc 1976
Name of publisher, distributor, etc CHAPMAN AND HALL
365 ## - TRADE PRICE
Price amount 473
630 ## - SUBJECT ADDED ENTRY--UNIFORM TITLE
Uniform title Introduction to environmental remote sensing
730 ## - ADDED ENTRY--UNIFORM TITLE
Uniform title Introduction to environmental remote sensing
942 ## - ADDED ENTRY ELEMENTS (KOHA)
Koha item type Book
Holdings
Withdrawn status Lost status Damaged status Not for loan Home library Current library Date acquired Cost, normal purchase price Total Checkouts Full call number Barcode Date last seen Price effective from Koha item type
        Bombay Natural History Society Bombay Natural History Society 06/27/1996 473.00   621.367 10682 BNHS-10682 04/15/2010 04/15/2010 Book